|
|
|
|
| LEADER |
00000nam a22000005a 4500 |
| 001 |
vtls010554094 |
| 003 |
SK-MaSNL |
| 005 |
20260301221614.0 |
| 008 |
160430s2013 xo o c 000 0 slo |
| 015 |
|
|
|a SNBE2013
|
| 020 |
|
|
|a 9788088864455
|
| 040 |
|
|
|a SNK
|b slo
|c SNK
|e AACR2
|
| 041 |
0 |
|
|a slo
|
| 043 |
|
|
|a e-xo---
|
| 044 |
|
|
|a xo
|c SK
|
| 072 |
|
7 |
|a 75
|x Maliarstvo
|2 konspekt
|
| 080 |
|
|
|a 75
|2 2001
|
| 080 |
|
|
|a 75.022.81
|2 2001
|
| 080 |
|
|
|a (437.6)
|2 2001
|
| 080 |
|
|
|a (083.824)
|2 2001
|
| 111 |
2 |
|
|a Medzinárodný maliarsky plenér
|n (3. :
|d 2013 :
|c Terchová, Slovensko)
|4 aut
|9 610163
|
| 245 |
1 |
0 |
|a Medzinárodný maliarsky plenér
|b III. ročník : 19.-29. jún 2013 Terchová
|c autor projektu: Zdeno Horecký ; fotografie: František Mucha, Pawel Olchawa, Zuzana Bobovská ; grafické spracovanie: Katarína Jančovičová
|
| 260 |
|
|
|a V Terchovej
|b Miestne kultúrne stredisko
|c [2013]
|
| 300 |
|
|
|a 1 zlož. list ([6] s.)
|b fotogr.
|c 30 x 42 cm, po zložení 30 x 14 cm
|
| 366 |
|
|
|e 500 výt.
|
| 611 |
2 |
7 |
|a Medzinárodný maliarsky plenér
|n (3. :
|d 2013 :
|c Terchová, Slovensko)
|2 SNKKA
|9 610163
|
| 650 |
0 |
7 |
|a maliarstvo
|2 SNKPH
|9 812
|
| 650 |
0 |
7 |
|a moderné maliarstvo
|2 SNKPH
|9 68070
|
| 650 |
0 |
7 |
|a Painting
|2 SNKPHeng
|9 294628
|
| 650 |
0 |
7 |
|a Modern painting
|2 SNKPHeng
|9 315955
|
| 651 |
|
7 |
|a Terchová (Slovensko)
|2 SNKPH
|9 68835
|
| 651 |
|
7 |
|a Terchová (Slovakia)
|2 SNKPHeng
|9 332206
|
| 655 |
|
7 |
|a katalógy výstav
|2 SNKPH
|9 70445
|
| 655 |
|
7 |
|a Exhibition catalogs
|2 SNKPHeng
|9 266232
|
| 700 |
1 |
|
|a Horecký, Zdeno,
|d 1930-2023
|4 rth
|9 113642
|
| 700 |
1 |
|
|a Bobovská, Zuzana,
|d 1957-
|4 pht
|9 105750
|
| 700 |
1 |
|
|a Mucha, František,
|d 1947-
|4 pht
|9 90585
|
| 700 |
1 |
|
|a Olchawa, Pawel
|4 pht
|9 610164
|
| 700 |
1 |
|
|a Jankovičová, Katarína
|4 bkd
|9 425753
|
| 752 |
|
|
|a Slovensko
|d Terchová
|
| 919 |
|
|
|a 978-80-88864-45-5
|
| 999 |
|
|
|c 936629
|d 938559
|
| 952 |
|
|
|a SNK
|b SNK
|y PREZ
|7 0
|p 17A1091324
|o snkOSB 17363
|i snk2013/26104
|8 0
|0 0
|1 0
|4 0
|d 2013-10-28
|l 0
|r 2026-02-24 09:06:08
|w 2026-02-24
|
| 952 |
|
|
|a SNK
|b SNK
|y PREZ
|7 0
|p 17A1091325
|o snkOSB 17363 D1
|i snk2013/26107
|8 0
|0 0
|1 0
|4 0
|d 2013-10-28
|l 0
|r 2026-02-24 09:06:08
|w 2026-02-24
|